Statistics for 2020 NFL Draft 1st Round Selections

Click here to take the quiz!

General Stats

  • This quiz has been taken 430 times
  • The average score is 22 of 32

Answer Stats

HintTeamAnswerSchool% Correct
1BengalsJoe BurrowLSU
100%
2RedskinsChase YoungOhio State
98%
5DolphinsTua TagovailoaAlabama
97%
6ChargersJustin HerbertOregon
96%
12RaidersHenry Ruggs IIIAlabama
89%
3LionsJeffrey OkudahOhio State
87%
15BroncosJerry JeudyAlabama
87%
17CowboysCeeDee LambOklahoma
86%
26PackersJordan LoveUtah State
85%
8CardinalsIsaiah SimmonsClemson
85%
22VikingsJustin JeffersonLSU
84%
4GiantsAndrew ThomasGeorgia
79%
7PanthersDerrick BrownAuburn
77%
32ChiefsClyde Edwards-HelaireLSU
76%
13BuccaneersTristan WirfsIowa
72%
21EaglesJalen ReagorTCU
71%
9JaguarsC.J. HendersonFlorida
70%
28RavensPatrick QueenLSU
69%
11JetsMekhi BectonLouisville
66%
1449ersJavon KinlawSouth Carolina
64%
2549ersBrandon AiyukArizona State
63%
10BrownsJedrick Wills Jr.Alabama
60%
16FalconsA.J. TerrellClemson
57%
24SaintsCesar RuizMichigan
56%
23ChargersKenneth MurrayOklahoma
55%
18DolphinsAustin JacksonUSC
53%
20JaguarsK'Lavon ChaissonLSU
50%
19RaidersDamon ArnetteOhio State
44%
27SeahawksJordyn BrooksTexas Tech
43%
31VikingsJeff GladneyTCU
41%
29TitansIsaiah WilsonGeorgia
36%
30DolphinsNoah IgbinogheneAuburn
34%

Score Distribution

Percentile by Number Answered

Percent of People with Each Score

Your Score History

You have not taken this quiz